Algerian football players by picture - Statistics

General Stats
  • This quiz has been taken 46 times
  • The average score is 11 of 16
Answer Stats
Picture Answer % Correct
Riyad Mahrez
100%
Islam Slimani
89%
Luca Zidane
86%
Rayan Aït-Nouri
86%
Ramy Bensebaini
84%
Ismaël Bennacer
78%
Anis Hadj Moussa
76%
Sofiane Feghouli
76%
Houssam Aouar
73%
Amine Gouiri
70%
Ramiz Zerrouki
68%
Saïd Benrahma
68%
Lakhdar Belloumi
54%
Nabil Bentaleb
49%
Rachid Ghezzal
49%
Salah Assad
27%
No matching quizzes found
Score Distribution
Percent of People with Each Score
Percentile by Number Answered
Your Score History
You have not taken this quiz